[Event "Frankfurt Ch 2007"]
[Site "Ffm-Kalbach, LAZ"]
[Date "2007.06.11"]
[Round "6.30"]
[White "Gutacker, Stephan"]
[Black "Müllergroß, Christian"]
[Result "1-0"]
[WhiteElo "1980"]
[BlackElo "1559"]
[PlyCount "93"]
[EventDate "2007.??.??"]

1. e4 c5 2. c3 d5 3. exd5 Qxd5 4. d4 Nf6 5. Nf3 Bg4 6. Be2 e6 7. O-O Nc6 8. Be3
cxd4 9. cxd4 Be7 10. Nc3 Qd6 11. Nb5 Qd7 12. Bf4 O-O 13. Rc1 Rac8 14. Be3 a6
15. Nc3 b5 16. a3 Na5 17. Ne5 Bxe2 18. Qxe2 Qb7 19. f3 Nc4 20. Bf2 Nd5 21. Nd3
Rc6 22. Rfe1 Nxc3 23. Rxc3 Bf6 24. b4 a5 25. Nc5 Qc7 26. Rd3 axb4 27. axb4 Nb6
28. Ra3 Nd5 29. Rea1 Nxb4 30. Ra7 Qc8 31. Qxb5 Rxc5 32. dxc5 Bxa1 33. Rxa1 Nd5
34. Bg3 Qe8 35. Qb7 Qe7 36. Qc6 Qf6 37. Qa4 Nc3 38. Qa3 Ne2+ 39. Kf1 Nxg3+ 40.
hxg3 Qe5 41. c6 Qxg3 42. Qa7 Qh2 43. c7 Qh1+ 44. Kf2 Qh4+ 45. Kg1 Qe7 46. Rb1
Qd7 47. Rb8 1-0

[Event "Frankfurt Ch 2007"]
[Site "Ffm-Kalbach, LAZ"]
[Date "2007.06.11"]
[Round "6.31"]
[White "Popp, Matthias"]
[Black "Rätsch, Kurt"]
[Result "0-1"]
[WhiteElo "1507"]
[BlackElo "2080"]
[PlyCount "52"]
[EventDate "2007.??.??"]

1. d4 c5 2. c3 cxd4 3. cxd4 d5 4. Nf3 Nc6 5. a3 Nf6 6. g3 Ne4 7. Bg2 g6 8. O-O
Bg7 9. e3 O-O 10. Nbd2 Bg4 11. h3 Bd7 12. Qb3 Nxd2 13. Nxd2 Qc8 14. Qxd5 Bxh3
15. Ne4 Rd8 16. Qg5 Bxg2 17. Kxg2 Qe6 18. Nc5 Qc4 19. Rh1 Rd5 20. Qg4 Nxd4 21.
Nxb7 Qc6 22. exd4 Rf5+ 23. f3 Qc2+ 24. Kf1 Qd1+ 25. Kg2 Qe2+ 26. Kg1 Rxf3 0-1

[Event "Frankfurt Ch 2007"]
[Site "Ffm-Kalbach, LAZ"]
[Date "2007.06.11"]
[Round "6.32"]
[White "Fresser, Stefan"]
[Black "Kästle, Rainer"]
[Result "1/2-1/2"]
[WhiteElo "1805"]
[BlackElo "1980"]
[PlyCount "41"]
[EventDate "2007.??.??"]

1. c4 Nf6 2. Nc3 c5 3. g3 g6 4. Bg2 Bg7 5. d3 O-O 6. e4 Nc6 7. Nge2 d6 8. h3
Rb8 9. O-O a6 10. f4 Bd7 11. Rb1 b5 12. Be3 Qa5 13. g4 b4 14. Nd5 Nxd5 15. exd5
Nd4 16. Bxd4 cxd4 17. b3 e6 18. Ng3 f5 19. dxe6 Bxe6 20. Re1 Bf7 21. Rb2
1/2-1/2

[Event "Frankfurt Ch 2007"]
[Site "Ffm-Kalbach, LAZ"]
[Date "2007.06.11"]
[Round "6.33"]
[White "Von Auer, Ulrich"]
[Black "Lemonidis, Christos"]
[Result "1/2-1/2"]
[WhiteElo "2130"]
[BlackElo "1803"]
[PlyCount "30"]
[EventDate "2007.??.??"]

1. d4 d6 2. c4 g6 3. Nc3 Bg7 4. e4 e5 5. d5 Nh6 6. Nf3 O-O 7. Bg5 f6 8. Bd2 a6
9. Be2 Nd7 10. O-O Kh8 11. Ne1 f5 12. Nd3 f4 13. b4 g5 14. f3 Nf6 15. Nf2 Rg8
1/2-1/2

[Event "Frankfurt Ch 2007"]
[Site "Ffm-Kalbach, LAZ"]
[Date "2007.06.11"]
[Round "6.34"]
[White "Müller, Pascal"]
[Black "Kannenberg, Carl-Fr"]
[Result "1-0"]
[WhiteElo "2033"]
[BlackElo "1972"]
[PlyCount "33"]
[EventDate "2007.??.??"]

1. e4 e5 2. Nf3 Nc6 3. c3 d6 4. d4 Be7 5. Bb5 Bd7 6. O-O exd4 7. cxd4 Nf6 8.
Re1 O-O 9. h3 a6 10. Ba4 b5 11. Bb3 Na5 12. Bc2 c5 13. dxc5 dxc5 14. e5 Ne8 15.
Nc3 Be6 16. Qe2 Nc6 17. Qe4 1-0

[Event "Frankfurt Ch 2007"]
[Site "Ffm-Kalbach, LAZ"]
[Date "2007.06.11"]
[Round "6.35"]
[White "Calvi, Stefan"]
[Black "Orlinski, Wolfgang"]
[Result "0-1"]
[WhiteElo "1909"]
[BlackElo "1767"]
[PlyCount "119"]
[EventDate "2007.??.??"]

1. e4 d6 2. d4 Nf6 3. Nc3 c6 4. f4 Qc7 5. Nf3 Nbd7 6. e5 Nd5 7. Nxd5 cxd5 8.
Bd3 e6 9. Ng5 g6 10. O-O Nb6 11. Qe2 h6 12. Nh3 Bd7 13. f5 gxf5 14. Rxf5 dxe5
15. Rxe5 O-O-O 16. Rh5 Bd6 17. g3 f6 18. Bxh6 e5 19. Bg7 Rxh5 20. Qxh5 e4 21.
Bf1 Bxg3 22. Bxf6 Bxh2+ 23. Kh1 Re8 24. Ng5 Bf4 25. Bh3 Kb8 26. Rf1 Bg3 27.
Bxd7 Qxd7 28. Kg2 Bc7 29. Nf7 Nc4 30. Kh1 e3 31. Ne5 Nxe5 32. Bxe5 Bxe5 33.
dxe5 Qe6 34. Rf6 Qxe5 35. Qxe5+ Rxe5 36. Rf1 d4 37. Re1 Rf5 38. Re2 Rf1+ 39.
Kg2 Rb1 40. b3 Rb2 41. Kf3 Rb1 42. Ke4 Rd1 43. c3 Rd2 44. Re1 dxc3 45. Rxe3
Rxa2 46. Rxc3 Rd2 47. Ke3 Rd7 48. Ke4 a6 49. Ke3 Ka7 50. Rc4 b5 51. Rg4 Kb6 52.
b4 Rd6 53. Rg8 Rc6 54. Rd8 Rc3+ 55. Rd3 Rxd3+ 56. Kxd3 a5 57. bxa5+ Kxa5 58.
Kc3 Ka4 59. Kb2 Kb4 60. Kc2 0-1

[Event "Frankfurt Ch 2007"]
[Site "Ffm-Kalbach, LAZ"]
[Date "2007.06.11"]
[Round "6.36"]
[White "Rasche, Hannes"]
[Black "Tews, Artur"]
[Result "1-0"]
[WhiteElo "2009"]
[BlackElo "1742"]
[PlyCount "85"]
[EventDate "2007.??.??"]

1. d4 e6 2. c4 Nf6 3. g3 c5 4. d5 Qb6 5. Bg2 Qb4+ 6. Nd2 exd5 7. cxd5 Bd6 8. e3
O-O 9. Ne2 Na6 10. a3 Qa5 11. O-O b5 12. Nc3 Rb8 13. Nde4 Be5 14. Nxf6+ Bxf6
15. Ne4 Qd8 16. Rb1 d6 17. Nxf6+ Qxf6 18. b3 Qg6 19. e4 Nc7 20. Bb2 Ne8 21. f4
Bg4 22. Qe1 Qh5 23. Rf2 b4 24. a4 a5 25. Qf1 Bc8 26. e5 Rb6 27. Rc1 Ba6 28. Qe1
Qf5 29. Be4 Qd7 30. Rfc2 f5 31. Bg2 Bd3 32. Rd2 Ba6 33. Qe3 dxe5 34. fxe5 Rg6
35. Rf2 c4 36. e6 Qc7 37. Be5 Nd6 38. Qf4 Rg4 39. Bxd6 Qc8 40. Qxg4 fxg4 41.
Rxf8+ Qxf8 42. Bxf8 Kxf8 43. bxc4 1-0

[Event "Frankfurt Ch 2007"]
[Site "Ffm-Kalbach, LAZ"]
[Date "2007.06.11"]
[Round "6.37"]
[White "Hausmann, Hans-Ulrich"]
[Black "Gehlhar, Michael"]
[Result "1-0"]
[WhiteElo "1966"]
[BlackElo "1712"]
[PlyCount "47"]
[EventDate "2007.??.??"]

1. d4 f5 2. Nc3 g6 3. h4 Nf6 4. h5 Nxh5 5. Rxh5 gxh5 6. e4 Bg7 7. Qxh5+ Kf8 8.
Qxf5+ Kg8 9. Bc4+ e6 10. Bg5 Qf8 11. Qg4 h5 12. Qg3 c6 13. O-O-O b5 14. Rd3
bxc4 15. Rf3 Qe8 16. Bf6 Rh7 17. e5 Kh8 18. Ne4 d5 19. Nd6 Qg8 20. Qg6 Bxf6 21.
Qxf6+ Rg7 22. Rh3 Qh7 23. Qf8+ Qg8 24. Rxh5+ 1-0

[Event "Frankfurt Ch 2007"]
[Site "Ffm-Kalbach, LAZ"]
[Date "2007.06.11"]
[Round "6.38"]
[White "Koch, Ulrich"]
[Black "Bauer, Timo"]
[Result "1-0"]
[WhiteElo "1839"]
[BlackElo "1708"]
[PlyCount "57"]
[EventDate "2007.??.??"]

1. d4 d5 2. Nf3 Nf6 3. Bf4 Bf5 4. e3 e6 5. Bd3 Ne4 6. O-O Be7 7. h3 g5 8. Bh2
g4 9. hxg4 Bxg4 10. c4 Bd6 11. Qa4+ c6 12. Bxd6 Nxd6 13. Ne5 Bh5 14. cxd5 exd5
15. Nd2 Rg8 16. f4 f6 17. Nef3 f5 18. Qb3 Nd7 19. e4 fxe4 20. Nxe4 Nxe4 21.
Bxe4 Rg7 22. Bf5 Bxf3 23. Rxf3 Nf6 24. Re1+ Kf8 25. Rfe3 Qc7 26. Qb4+ c5 27.
dxc5 Qc6 28. Re6 a5 29. Qd4 1-0

[Event "Frankfurt Ch 2007"]
[Site "Ffm-Kalbach, LAZ"]
[Date "2007.06.11"]
[Round "6.39"]
[White "Plattner, Rolf"]
[Black "Djakow, Alexander"]
[Result "1-0"]
[WhiteElo "1916"]
[BlackElo "1813"]
[PlyCount "53"]
[EventDate "2007.??.??"]

1. d4 d5 2. Nf3 Nf6 3. Bf4 e6 4. e3 Be7 5. c3 Nbd7 6. Bd3 c5 7. Nbd2 O-O 8. Ne5
Ne8 9. Ndf3 f6 10. Qc2 fxe5 11. Bxh7+ Kh8 12. dxe5 g5 13. Bg3 Ng7 14. h4 Nf5
15. hxg5 Kg7 16. Bf4 Rh8 17. O-O-O Rxh7 18. Rxh7+ Kxh7 19. g4 Nf8 20. gxf5 exf5
21. Rh1+ Kg8 22. Qd1 Kf7 23. e6+ Bxe6 24. Ne5+ Kg8 25. Qh5 Bf6 26. gxf6 Qxf6
27. Rg1+ 1-0

[Event "Frankfurt Ch 2007"]
[Site "Ffm-Kalbach, LAZ"]
[Date "2007.06.11"]
[Round "6.40"]
[White "Fröhlich-Dill, Astrid"]
[Black "Stricker, Konstantin"]
[Result "0-1"]
[WhiteElo "1948"]
[BlackElo "1688"]
[PlyCount "74"]
[EventDate "2007.??.??"]

1. d4 Nf6 2. c4 e6 3. Nc3 d5 4. Bg5 Be7 5. e3 O-O 6. Nf3 b6 7. Bxf6 Bxf6 8.
cxd5 exd5 9. b4 Bb7 10. Rc1 c6 11. Na4 Nd7 12. Bd3 Be7 13. Qb3 Bd6 14. O-O Nf6
15. a3 h6 16. h3 Re8 17. Nd2 Rc8 18. Rc3 Bb8 19. Bf5 Rc7 20. Rfc1 Qd6 21. Qd1
Rce7 22. Nf3 Ne4 23. Bxe4 dxe4 24. Ne5 f6 25. Rxc6 Bxc6 26. Rxc6 Qd5 27. Nc3
Qd8 28. Ng6 Rc7 29. Rxc7 Qxc7 30. Qb3+ Kh7 31. Nf4 Rc8 32. Nfe2 Qh2+ 33. Kf1
Qh1+ 34. Ng1 Bh2 35. Nce2 Bxg1 36. Nxg1 Rc1+ 37. Ke2 Qxg1 0-1

[Event "Frankfurt Ch 2007"]
[Site "Ffm-Kalbach, LAZ"]
[Date "2007.06.11"]
[Round "6.41"]
[White "Ostermeier, Thorsten"]
[Black "Bender, Manfred"]
[Result "0-1"]
[WhiteElo "1923"]
[BlackElo "1830"]
[PlyCount "108"]
[EventDate "2007.??.??"]

1. Nf3 c5 2. c3 d5 3. e3 e6 4. d4 Nc6 5. Bd3 Nf6 6. Nbd2 Qc7 7. O-O cxd4 8.
exd4 Bd6 9. Re1 O-O 10. Qe2 Bd7 11. Ne5 Rae8 12. f4 Bc8 13. Ndf3 Ne7 14. Qc2 a6
15. Bd2 b5 16. a3 Ng6 17. Re2 Nh5 18. g3 Re7 19. Rf1 Rfe8 20. Rff2 Nf8 21. g4
Nf6 22. h4 N6d7 23. h5 f6 24. Nxd7 Bxd7 25. Ne5 Bc8 26. Bc1 Qb6 27. Nf3 e5 28.
fxe5 fxe5 29. Bf5 e4 30. Nh4 Bg3 31. Rh2 Bxh2+ 32. Rxh2 Qf6 33. g5 Qd6 34. Bxc8
Qg3+ 35. Ng2 Rxc8 36. Bf4 Qg4 37. Rh4 Qd7 38. Ne3 Ne6 39. Qg2 Rf7 40. Be5 Rcf8
41. g6 Rf3 42. gxh7+ Kh8 43. Ng4 Qe7 44. Rh3 Qg5 45. h6 R8f7 46. hxg7+ Nxg7 47.
Rg3 Rxg3 48. Qxg3 Rf3 49. Qg2 Rf5 50. Qh3 Qc1+ 51. Kh2 Qd2+ 52. Kg1 Qd1+ 53.
Kh2 Qe2+ 54. Kg1 Rg5 0-1

[Event "Frankfurt Ch 2007"]
[Site "Ffm-Kalbach, LAZ"]
[Date "2007.06.11"]
[Round "6.42"]
[White "Gauf, Wolfgang"]
[Black "Bittner, Peter"]
[Result "1-0"]
[WhiteElo "1808"]
[BlackElo "1986"]
[PlyCount "97"]
[EventDate "2007.??.??"]

1. e4 c5 2. Nf3 Nc6 3. Nc3 e5 4. Bc4 h6 5. d3 Nf6 6. O-O d6 7. h3 Be7 8. Be3
O-O 9. Qd2 Be6 10. Nd5 Nd4 11. Nh2 Bxd5 12. exd5 Nf5 13. c3 a6 14. a4 Qd7 15.
a5 Bd8 16. Qe2 Ne7 17. Qf3 Qf5 18. Qxf5 Nxf5 19. Bb3 e4 20. Bf4 g5 21. dxe4
Nxe4 22. Bc2 Nxc3 23. bxc3 gxf4 24. Bxf5 Bf6 25. Rfc1 Rfe8 26. Nf3 Re2 27. Bd3
Rb2 28. Ra3 b5 29. axb6 Rxb6 30. Rb1 Rxb1+ 31. Bxb1 a5 32. Kf1 Kf8 33. Bc2 Ke7
34. c4 Kd7 35. Ba4+ Kc7 36. Ke2 Rg8 37. Kf1 Bd8 38. Ra2 Bf6 39. Ra3 Bd8 40. Rb3
Kc8 41. Ne1 Rg5 42. Nf3 Rg7 43. Rb2 Be7 44. Re2 f5 45. Re6 h5 46. Rh6 h4 47.
Nxh4 Bxh4 48. Rxh4 Rb7 49. Rh8+ 1-0

[Event "Frankfurt Ch 2007"]
[Site "Ffm-Kalbach, LAZ"]
[Date "2007.06.11"]
[Round "6.43"]
[White "Lietzau, Olaf"]
[Black "Kolompar, Josef"]
[Result "0-1"]
[WhiteElo "1665"]
[BlackElo "2014"]
[PlyCount "72"]
[EventDate "2007.??.??"]

1. d4 Nf6 2. c4 e6 3. Nc3 d5 4. Bg5 Bb4 5. Qc2 h6 6. Bxf6 Qxf6 7. Nf3 O-O 8. e3
Nc6 9. cxd5 exd5 10. Bd3 Bg4 11. Nd2 Rad8 12. O-O a6 13. Rac1 Bd6 14. h3 Be6
15. Nf3 Nb4 16. Qe2 Nxd3 17. Qxd3 c6 18. Qe2 Rfe8 19. Rfe1 Bf5 20. Na4 Bb8 21.
Nc5 Re7 22. Nd3 Rde8 23. Nde5 Qd6 24. Nh2 f6 25. Nef3 Re4 26. Qd2 h5 27. Nf1 h4
28. Qc3 Qd7 29. N3d2 Bxh3 30. Nxe4 Rxe4 31. Nd2 Rg4 32. Kf1 Bxg2+ 33. Ke2 h3
34. f4 Rg3 35. Nf1 Bf3+ 36. Kf2 Rg2+ 0-1

[Event "Frankfurt Ch 2007"]
[Site "Ffm-Kalbach, LAZ"]
[Date "2007.06.11"]
[Round "6.44"]
[White "Riha, Peter"]
[Black "Wolff, Michael"]
[Result "0-1"]
[WhiteElo "1823"]
[BlackElo "1958"]
[PlyCount "32"]
[EventDate "2007.??.??"]

1. d4 Nf6 2. c4 c5 3. d5 b5 4. Nd2 e6 5. e4 exd5 6. cxd5 Qe7 7. Qc2 Nxd5 8.
Bxb5 Nc6 9. Bxc6 Nb4 10. Bxd7+ Qxd7 11. Qc3 Nd3+ 12. Kf1 Ba6 13. Ne2 Nf4 14.
Nc4 Qd1+ 15. Qe1 Qxe1+ 16. Kxe1 Nxe2 0-1

[Event "Frankfurt Ch 2007"]
[Site "Ffm-Kalbach, LAZ"]
[Date "2007.06.11"]
[Round "6.45"]
[White "Krischak, Werner"]
[Black "Fernandez-Egea, Andres"]
[Result "0-1"]
[WhiteElo "1620"]
[BlackElo "2043"]
[PlyCount "74"]
[EventDate "2007.??.??"]

1. d4 d5 2. c4 c6 3. Nc3 Nf6 4. Nf3 a6 5. a4 dxc4 6. e4 Bg4 7. Bxc4 e6 8. e5
Nd5 9. O-O Bb4 10. Nxd5 cxd5 11. Be2 Nc6 12. Be3 O-O 13. Qc2 Be7 14. Bd3 h6 15.
h3 Bh5 16. Qd2 f5 17. exf6 Bxf6 18. g4 Be7 19. Kg2 Bb4 20. Qe2 Be8 21. Ne5 Nxe5
22. dxe5 d4 23. Bd2 Bc6+ 24. f3 Bxd2 25. Qxd2 g5 26. Be4 Rf4 27. Qd3 Kg7 28.
Rfd1 Rc8 29. Kg3 Qf8 30. Qxd4 Rxe4 31. fxe4 Qf4+ 32. Kg2 Bxe4+ 33. Kg1 Qg3+ 34.
Kf1 Rf8+ 35. Ke2 Qg2+ 36. Ke3 Rf3+ 37. Kxe4 Ra3# 0-1

[Event "Frankfurt Ch 2007"]
[Site "Ffm-Kalbach, LAZ"]
[Date "2007.06.11"]
[Round "6.47"]
[White "Ruebsamen, Dietmar"]
[Black "Jordake, Michael"]
[Result "0-1"]
[WhiteElo "1842"]
[BlackElo "1612"]
[PlyCount "119"]
[EventDate "2007.??.??"]

1. Nf3 Nf6 2. g3 b6 3. Bg2 Bb7 4. c4 e6 5. d4 Be7 6. O-O O-O 7. Nc3 Ne4 8. Qc2
Nxc3 9. Qxc3 d6 10. Re1 f5 11. e3 Qc8 12. Nd2 Bxg2 13. Kxg2 Bf6 14. f4 Nd7 15.
Qd3 g6 16. Nf3 Bg7 17. Kf2 Nf6 18. Nd2 Qb7 19. h3 Rad8 20. Qc2 c5 21. b3 cxd4
22. Bb2 d3 23. Qc1 Ne4+ 24. Nxe4 fxe4 25. Bxg7 Qxg7 26. Qd2 e5 27. Rad1 Qd7 28.
Kg2 Rde8 29. Qc3 Qg7 30. Qb4 exf4 31. gxf4 Qd7 32. Qc3 Qf5 33. Kh2 Re6 34. Rg1
Qh5 35. Rd2 Qc5 36. Re1 d5 37. Kg3 Rf5 38. h4 Rc6 39. Qd4 Re6 40. Qxc5 bxc5 41.
cxd5 Rxd5 42. Rc1 Kf7 43. Rc4 Kf6 44. Kg4 h5+ 45. Kg3 Kf5 46. Ra4 a6 47. Rc4
Rb6 48. Ra4 Rdd6 49. Rc4 Rdc6 50. Rc3 a5 51. Rg2 a4 52. Kf2 axb3 53. Rg5+ Kf6
54. axb3 Ra6 55. f5 gxf5 56. Rxh5 Kg6 57. Rg5+ Kf6 58. Rg8 Ra1 59. h5 d2 60.
Ke2 0-1

[Event "Frankfurt Ch 2007"]
[Site "Ffm-Kalbach, LAZ"]
[Date "2007.06.11"]
[Round "6.48"]
[White "Krohne, Robert"]
[Black "Milde, Dieter"]
[Result "1/2-1/2"]
[WhiteElo "1785"]
[BlackElo "1602"]
[PlyCount "79"]
[EventDate "2007.??.??"]

1. e4 e6 2. d4 d5 3. Nd2 c5 4. Ngf3 Nc6 5. exd5 Qxd5 6. Bc4 Qd6 7. dxc5 Qxc5 8.
O-O Bd7 9. Bd3 Nf6 10. Re1 Nb4 11. Nb3 Qc7 12. c3 Nxd3 13. Qxd3 O-O-O 14. Bg5
Bc6 15. Qe2 Bd6 16. Nbd4 a6 17. Nxc6 Qxc6 18. c4 h6 19. Be3 Ng4 20. c5 Be5 21.
Nxe5 Nxe5 22. Bf4 Nd3 23. Bd6 Nxe1 24. Qxe1 Rhe8 25. a4 f6 26. b4 Rxd6 27. cxd6
Qxd6 28. Rc1+ Kb8 29. b5 axb5 30. axb5 Rc8 31. Rb1 b6 32. h3 e5 33. Qe4 Rc5 34.
Ra1 Qd5 35. Qg6 Qb7 36. Qe8+ Qc8 37. Qe7 Rc1+ 38. Rxc1 Qxc1+ 39. Kh2 Qc7 40.
Qe6 1/2-1/2

[Event "Frankfurt Ch 2007"]
[Site "Ffm-Kalbach, LAZ"]
[Date "2007.06.11"]
[Round "6.49"]
[White "El-Lawindy, Asem"]
[Black "Makilla, Tobias"]
[Result "0-1"]
[WhiteElo "1526"]
[BlackElo "1923"]
[PlyCount "42"]
[EventDate "2007.??.??"]

1. e4 e5 2. Nf3 Nc6 3. Bb5 a6 4. Ba4 Nf6 5. O-O b5 6. Bb3 Be7 7. Re1 O-O 8. c3
d5 9. exd5 Nxd5 10. Nxe5 Nxe5 11. Rxe5 c6 12. d4 Bd6 13. Re1 Qh4 14. g3 Qh3 15.
Re4 g5 16. Bxg5 Qf5 17. Bxd5 cxd5 18. Bf4 Qxe4 19. Bxd6 Bh3 20. f3 Qe3+ 21. Kh1
Qf2 0-1

[Event "Frankfurt Ch 2007"]
[Site "Ffm-Kalbach, LAZ"]
[Date "2007.06.11"]
[Round "6.51"]
[White "Sallwey, Rainer"]
[Black "Nagel, Norbert"]
[Result "0-1"]
[WhiteElo "1498"]
[BlackElo "1730"]
[PlyCount "66"]
[EventDate "2007.??.??"]

1. d4 Nf6 2. Nf3 g6 3. Bf4 Bg7 4. e3 d6 5. Bg3 O-O 6. Nbd2 Nbd7 7. c3 c5 8. Bb5
a6 9. Bxd7 Bxd7 10. O-O Nh5 11. dxc5 Nxg3 12. hxg3 dxc5 13. Qc2 Qc7 14. Rae1
Rfd8 15. Rc1 Rac8 16. b3 b5 17. c4 b4 18. Nb1 Qb7 19. Rcd1 Bf5 20. Rxd8+ Rxd8
21. Qc1 Qd7 22. Re1 Qd3 23. Nh4 Qxb1 24. Qxb1 Bxb1 25. Rxb1 Rd2 26. Nf3 Rxa2
27. Ng5 Be5 28. Ne4 Bd6 29. Rd1 Ra3 30. Nxd6 exd6 31. Rxd6 Rxb3 32. Rxa6 Rb1+
33. Kh2 Rc1 0-1

[Event "Frankfurt Ch 2007"]
[Site "Ffm-Kalbach, LAZ"]
[Date "2007.06.11"]
[Round "6.52"]
[White "Stein, Wolfgang"]
[Black "Vogelgesang, Marc"]
[Result "1-0"]
[WhiteElo "1954"]
[BlackElo "1520"]
[PlyCount "81"]
[EventDate "2007.??.??"]

1. e4 c5 2. d4 cxd4 3. c3 dxc3 4. Nxc3 d6 5. Bc4 e6 6. Nf3 Nf6 7. Qe2 Nc6 8.
O-O Be7 9. Rd1 O-O 10. e5 Nd7 11. exd6 Bf6 12. Ne4 Nb6 13. Nxf6+ Qxf6 14. Bg5
Qg6 15. Bb3 Bd7 16. Rac1 Rac8 17. Be7 Rfe8 18. Rc2 Nxe7 19. Ne5 Rxc2 20. Bxc2
Qf6 21. Nxd7 Nxd7 22. dxe7 Qxe7 23. Ba4 Nf6 24. Bxe8 Qxe8 25. Rd2 Kf8 26. h3
Nd5 27. Qe4 h6 28. Qh7 Nf6 29. Qc2 Nd5 30. Qc5+ Kg8 31. Qxa7 Qc6 32. Qd4 Qc1+
33. Kh2 Qc7+ 34. g3 Qc6 35. a3 Qc7 36. Qd3 Qc6 37. Rc2 Qd7 38. Rc4 Qe7 39. Qc2
g6 40. Rc8+ Kg7 41. Qc5 1-0

[Event "Frankfurt Ch 2007"]
[Site "Ffm-Kalbach, LAZ"]
[Date "2007.06.11"]
[Round "6.53"]
[White "Winter, Olaf"]
[Black "Götting, Ulrich"]
[Result "1/2-1/2"]
[WhiteElo "1571"]
[BlackElo "1691"]
[PlyCount "92"]
[EventDate "2007.??.??"]

1. c4 e5 2. Nc3 d6 3. g3 g6 4. Bg2 Bg7 5. e3 Nf6 6. a3 a5 7. b3 O-O 8. Bb2 Nc6
9. Nge2 Re8 10. O-O Nd7 11. d3 Ne7 12. Qc2 f5 13. f4 Nf6 14. h3 c6 15. Na4 Nd7
16. Rad1 Nb6 17. Nxb6 Qxb6 18. c5 Qxc5 19. Qxc5 dxc5 20. fxe5 Nd5 21. Bxd5+
cxd5 22. d4 cxd4 23. exd4 Bd7 24. Nf4 Bc6 25. Bc3 Bf8 26. b4 b6 27. Rb1 a4 28.
b5 Bb7 29. Ra1 Rac8 30. Rfc1 Bh6 31. Bd2 Bxf4 32. Bxf4 Rxc1+ 33. Rxc1 Rc8 34.
Re1 Re8 35. e6 Bc8 36. e7 Kf7 37. Bc7 Rxe7 38. Rxe7+ Kxe7 39. Bxb6 f4 40. Kg2
fxg3 41. Kxg3 Ke6 42. Bc5 Kf5 43. b6 Ba6 44. Kf3 g5 45. Ke3 Ke6 46. Kf3 h5
1/2-1/2

[Event "Frankfurt Ch 2007"]
[Site "Ffm-Kalbach, LAZ"]
[Date "2007.06.11"]
[Round "6.55"]
[White "Götz, Arnold"]
[Black "Stulken, Dietmar"]
[Result "0-1"]
[WhiteElo "1671"]
[BlackElo "1339"]
[PlyCount "84"]
[EventDate "2007.??.??"]

1. Nf3 Nf6 2. e3 e6 3. d4 d5 4. Bd3 Bd6 5. c3 c5 6. dxc5 Bxc5 7. Bb5+ Bd7 8.
Qa4 a6 9. Bxd7+ Qxd7 10. Qxd7+ Nbxd7 11. Nbd2 O-O 12. Nb3 Bb6 13. O-O Rac8 14.
Nfd4 Rfe8 15. g3 g6 16. Kg2 Ne5 17. a4 Nd3 18. a5 Ba7 19. Rd1 Nxc1 20. Rdxc1
Ne4 21. Ra4 Nd6 22. Nd2 Re7 23. N4b3 Nc4 24. Nxc4 Rxc4 25. Rxc4 dxc4 26. Nd2
Rc7 27. Ra1 Rc5 28. Ra4 Rb5 29. Nxc4 Bb8 30. b4 Bc7 31. Na3 Rd5 32. c4 Rd2 33.
Nb1 Rb2 34. Nc3 Rc2 35. Ra3 Be5 36. Ne4 Rxc4 37. Nc5 Rxb4 38. Nd7 Bc7 39. Nc5
Rb5 40. Nb3 Bd6 41. Nd4 Bxa3 42. Nxb5 axb5 0-1

[Event "Frankfurt Ch 2007"]
[Site "Ffm-Kalbach, LAZ"]
[Date "2007.06.11"]
[Round "6.56"]
[White "Krüger, Jens"]
[Black "Kutschera, Julian"]
[Result "0-1"]
[WhiteElo "1390"]
[BlackElo "1846"]
[PlyCount "74"]
[EventDate "2007.??.??"]

1. e4 c5 2. Nf3 d6 3. d4 cxd4 4. Nxd4 Nf6 5. Nc3 g6 6. f3 Bg7 7. Be3 O-O 8. Qd2
Re8 9. O-O-O Bd7 10. g4 Nc6 11. Nb3 a6 12. Bh6 Bh8 13. h4 b5 14. h5 Ne5 15.
hxg6 fxg6 16. g5 Nh5 17. Bh3 Bxh3 18. Rxh3 Nc4 19. Qh2 Be5 20. Qf2 Nxb2 21.
Kxb2 b4 22. Kb1 bxc3 23. Rxh5 gxh5 24. f4 Bh8 25. f5 a5 26. f6 exf6 27. gxf6
Bxf6 28. e5 Rxe5 29. Rg1+ Kh8 30. Kc1 a4 31. Nd4 Bg5+ 32. Bxg5 Rxg5 33. Ne6
Rxg1+ 34. Qxg1 Qf6 35. Ng5 Qf4+ 36. Kb1 Qb4+ 37. Kc1 Qb2+ 0-1

[Event "Frankfurt Ch 2007"]
[Site "Ffm-Kalbach, LAZ"]
[Date "2007.06.11"]
[Round "6.57"]
[White "Schirmer, Karl-Heinz"]
[Black "Plötz, Hans-Jürgen"]
[Result "1-0"]
[WhiteElo "1759"]
[BlackElo "1358"]
[PlyCount "83"]
[EventDate "2007.??.??"]

1. e4 d6 2. d4 Nf6 3. Nc3 Nbd7 4. Be3 c6 5. Nf3 Qb6 6. Rb1 Qc7 7. h3 e5 8. dxe5
dxe5 9. a3 Bc5 10. Qd2 O-O 11. Bc4 b5 12. Bd3 Bb7 13. O-O Rad8 14. Bg5 Bb6 15.
Qe2 a6 16. Nh4 h6 17. Be3 c5 18. b3 b4 19. axb4 cxb4 20. Bxb6 Nxb6 21. Nd1 a5
22. Nf5 Nbd7 23. f3 Kh7 24. Qe3 Nh5 25. Nf2 Qc5 26. Ra1 Ra8 27. Bc4 Qxe3 28.
Nxe3 f6 29. Nd3 g5 30. Nf5 Rfd8 31. Nd6 Bc6 32. Kf2 Nb6 33. Bf7 Nf4 34. Nxf4
gxf4 35. Rfd1 Kg7 36. Be6 h5 37. Nf5+ Kf8 38. Rxd8+ Rxd8 39. Rxa5 Rd2+ 40. Kg1
Rxc2 41. Ra7 Na8 42. Rh7 1-0

[Event "Frankfurt Ch 2007"]
[Site "Ffm-Kalbach, LAZ"]
[Date "2007.06.11"]
[Round "6.58"]
[White "Ebertz, Michael"]
[Black "Bongardt, Torsten"]
[Result "1-0"]
[WhiteElo "1645"]
[BlackElo "1340"]
[PlyCount "58"]
[EventDate "2007.??.??"]

1. e4 d5 2. exd5 Qxd5 3. Nc3 Qa5 4. d4 c6 5. Bc4 Nf6 6. Bd2 e6 7. Nf3 Bd6 8.
Nb5 Qd8 9. Nxd6+ Qxd6 10. O-O O-O 11. Qe2 Nbd7 12. a3 Nb6 13. Bb4 Qc7 14. Bxf8
Kxf8 15. Rfe1 Bd7 16. Ne5 Nxc4 17. Qxc4 Rd8 18. Qc5+ Ke8 19. Qxa7 Bc8 20. c4
Nd7 21. Nxd7 Qxd7 22. Rad1 Qd6 23. Qc5 Qf4 24. g3 Qc7 25. d5 b6 26. Qxc6+ Qxc6
27. dxc6 Ba6 28. Rxd8+ Kxd8 29. Rd1+ Kc7 1-0

[Event "Frankfurt Ch 2007"]
[Site "Ffm-Kalbach, LAZ"]
[Date "2007.06.11"]
[Round "6.60"]
[White "Greul, Thomas"]
[Black "Budde, Michael"]
[Result "1-0"]
[WhiteElo "1302"]
[BlackElo "1598"]
[PlyCount "51"]
[EventDate "2007.??.??"]

1. e4 c5 2. Nc3 e6 3. Nf3 d5 4. exd5 exd5 5. Bb5+ Nc6 6. d4 a6 7. Bxc6+ bxc6 8.
O-O Nf6 9. Re1+ Be7 10. Ne5 Qc7 11. Bf4 Be6 12. Ng6 Qa7 13. Nxh8 cxd4 14. Ne2
Bc5 15. Qd3 Ke7 16. Nxf7 Kxf7 17. Be5 Ng4 18. Qxh7 Nxe5 19. Qh5+ Kf6 20. Nf4
Bf5 21. Qh4+ g5 22. Qh6+ Bg6 23. Nh5+ Ke6 24. Qxg6+ Kd7 25. Rxe5 d3 26. Qf7+
1-0

[Event "Frankfurt Ch 2007"]
[Site "Ffm-Kalbach, LAZ"]
[Date "2007.06.11"]
[Round "6.61"]
[White "Ortiz-Rodriguez, Jose"]
[Black "Frank, Dieter"]
[Result "0-1"]
[WhiteElo "1270"]
[BlackElo "1505"]
[PlyCount "92"]
[EventDate "2007.??.??"]

1. e4 c5 2. Nf3 Nc6 3. Nc3 a6 4. Be2 d6 5. O-O e6 6. d4 cxd4 7. Nxd4 Nf6 8. Bg5
Be7 9. Nf3 Qc7 10. Bd3 O-O 11. Qd2 b6 12. a3 Bb7 13. Be3 Rad8 14. Qe2 b5 15. b4
d5 16. exd5 Nxd5 17. Nxd5 Rxd5 18. c4 bxc4 19. Bxc4 Rdd8 20. Bxa6 Bxa6 21. Qxa6
Ra8 22. Qc4 Qb7 23. Qe4 Nd8 24. Qg4 f5 25. Qh3 Bf6 26. Bd4 Ra4 27. Bxf6 Rxf6
28. Ng5 h6 29. Qb3 Qa8 30. Nf3 Nc6 31. Nd2 Nxb4 32. Nc4 Nd5 33. Ne5 Nf4 34. Nf3
Rg6 35. g3 Ne2+ 36. Kg2 Nd4 37. Qd3 e5 38. Kh3 Nxf3 39. Qxf5 Rg5 40. Qe6+ Kh8
41. Rfd1 Nd4 42. Qf7 Qc8+ 43. Kg2 Qa8+ 44. Kh3 Ra7 45. Qc4 Rh5+ 46. Kg4 Qf3#
0-1

[Event "Frankfurt Ch 2007"]
[Site "Ffm-Kalbach, LAZ"]
[Date "2007.06.11"]
[Round "6.62"]
[White "Meiser, Nicolas"]
[Black "Wenzel, Bernd"]
[Result "0-1"]
[WhiteElo "1214"]
[BlackElo "1481"]
[PlyCount "120"]
[EventDate "2007.??.??"]

1. d4 e6 2. e3 d5 3. Nf3 Nf6 4. Bd3 Be7 5. Nbd2 g6 6. O-O Bd6 7. c3 O-O 8. e4
dxe4 9. Nxe4 Nxe4 10. Bxe4 f5 11. Bd3 Nc6 12. Bh6 Re8 13. Qb3 Bf8 14. Bg5 Be7
15. Bd2 Kg7 16. Rfe1 Bf6 17. Bc4 Na5 18. Qa4 Nxc4 19. Qxc4 b6 20. Bf4 Re7 21.
Ne5 Bb7 22. Nc6 Bxc6 23. Qxc6 Qe8 24. Qc4 Rc8 25. Be5 c5 26. Bxf6+ Kxf6 27. Re5
cxd4 28. Qxd4 Kf7 29. Rae1 Rd8 30. Qh4 Kg7 31. Qf4 h6 32. h3 Rd5 33. Qc4 Kf6
34. Rxd5 exd5 35. Rxe7 Qxe7 36. Qd4+ Qe5 37. f4 Qxd4+ 38. cxd4 h5 39. h4 Ke6
40. Kf2 a5 41. a4 Kd6 42. Ke3 Kc6 43. Kd3 b5 44. axb5+ Kxb5 45. Kc3 a4 46. b3
a3 47. Kc2 Kb4 48. g3 a2 49. Kb2 a1=Q+ 50. Kxa1 Kxb3 51. Kb1 Kc3 52. Kc1 Kxd4
53. Kd2 Ke4 54. Kc3 d4+ 55. Kc4 d3 56. Kc5 d2 57. Kd6 d1=Q+ 58. Ke6 Qg4 59. Kf6
Qxg3 60. Kg7 Kxf4 0-1